Sports Quiz

Random Sports or NCAA Quiz

FBS Schools in the Mountain Time Zone Quiz Stats

 Plays Quiz not verified by Sporcle

Score 0/13 Timer 01:00
0 Plays Today
School % Correct
Colorado
98.2%
Utah
95.1%
Colorado St
94.7%
New Mexico
91.9%
Arizona
87.7%
BYU
87.3%
Arizona St
86.6%
New Mexico St
86.3%
Wyoming
86.3%
Utah St
85.2%
Boise St
84.5%
Air Force
80.3%
UTEP
65.5%

You're not logged in!

Compare scores with friends on all Sporcle quizzes.
OR
Log In

Show Comments

Extras

Top Quizzes Today


Score Distribution

Your Account Isn't Verified!

In order to create a playlist on Sporcle, you need to verify the email address you used during registration. Go to your Sporcle Settings to finish the process.

Report this User

Report this user for behavior that violates our Community Guidelines.

Details: